00620 2200241 4500001002100000005001700021008004100038020001800079035002400097090001800121100002300139245004500162250001000207260003400217300002800251650002000279850001500299980001300314985000600327999001500333999001500348999001500363YOGYA-0209000004018020090227025628.0 ind  a979-96564-2-7 0010-020900000040180 a729bWic IlT aWICAKSONO, Andie A aInterior ruang usahacAndie A. Wicaksono aCet.1 aBoyolalibKaliptra Rayac2007 avi, 82 hlmbilusc23 cm aDesain interior aYOPDYOG(M) a19-11-07 a3 a07B0031719 a07B0031720 a07B0031721